000 00598nam a2200193 i 4500
001 86106
003 ES-MaACL
005 20250826150740.0
007 t|
008 041207s1973 sp ||||1| spa d
100 1 _aKermoal, Jacques.
_967908
245 1 3 _aLa Onorata Societá
_b: la verdadera historia de la mafia /
_cJacques Kermoal ; [traducción de Rosa Mª Bassols].
250 _a[1ª ed.].
260 _a[Barcelona] :
_bPlaza Janés,
_c[1973]
300 _a267 p. ;
_c22 cm.
700 0 _aBassols, Rosa María
_926334
852 _aES-MaACL
_jC-49733
_bR.84746
999 _c86106
_d86106